000 00809nam a22002657a 4500
005 20240709124409.0
008 080903t xxu||||| |||| 00| 0 eng d
010 _aENG-140842
020 _a9789390949397
_c395.00
035 _aEN-124374
037 _aDBAD
040 _adpl
082 _a540
_23
100 _aJain, Rashmi
_968304
245 _aChemistry of Natural Products/
_cBy Rashmi Jain...[et.al]
250 _a3
260 _aMeerut
_bPragati Prakashan
_c2021
270 _a240, Western Kutchery Road,
_bMeerut
_e250002
300 _a406p.
_c24cm(pb)
_bill
500 _aIncludes glossary and index
700 _aSahai, Alok
_eAuthor
_968305
700 _aPimplapure, Sandhya
_eAuthor
_968306
700 _aSoni, Usha
_eAuthor
_968307
942 _2ddc
_cEN
_h540
_mJAI
_e3
999 _c204061
_d204061